[Event "Oberliga Sued W 1617"]
[Site "Germany"]
[Date "2016.12.04"]
[Round "4.6"]
[White "Dauenheimer, Torsten"]
[Black "Spengler, Hanno"]
[Result "1-0"]
[WhiteElo "2206"]
[BlackElo "2075"]
[PlyCount "70"]
[EventDate "2016.09.25"]
[EventType "team-tourn"]
[EventRounds "9"]
[EventCountry "GER"]
[SourceTitle "EXT 2018"]
[Source "ChessBase"]
[SourceDate "2017.10.13"]
[SourceVersion "1"]
[SourceVersionDate "2017.10.13"]
[SourceQuality "1"]
[WhiteTeam "Worms"]
[BlackTeam "Winterbach Turm"]
[WhiteTeamCountry "GER"]
[BlackTeamCountry "GER"]

1. d4 d5 2. c4 e6 3. Nf3 Nf6 4. g3 Nbd7 5. Bg2 dxc4 6. Nbd2 Nb6 7. 0-0 Nfd7 8. Qc2 Bd6 9. Nxc4 Nxc4 10. Qxc4 h6 11. Qc2 0-0 12. b3 Rb8 13. Bb2 b6 14. Rad1 Qe7 15. e4 c5 16. Qc3 f6 17. e5 Bc7 18. exf6 Qxf6 19. Qc2 Qf5 20. Qxf5 exf5 21. Rfe1 Bb7 22. dxc5 Nxc5 23. Nd4 Bxg2 24. Kxg2 Rbe8 25. Rxe8 Rxe8 26. Nxf5 Re2 27. Bxg7 Rxa2 28. Bxh6 Nxb3 29. Rd7 Be5 30. h4 Nc5 31. Rd5 Bf6 32. Ne3 Ne4 33. Kf3 Nc3 34. Rd6 Kf7 35. g4 Nb5 1-0

[Event "Oberliga Sued W 1516"]
[Site "Germany"]
[Date "2015.11.15"]
[Round "3.2"]
[White "Dauenheimer, Torsten"]
[Black "Keymer, Vincent"]
[Result "0-1"]
[WhiteElo "2250"]
[BlackElo "2352"]
[PlyCount "84"]
[EventDate "2015.09.20"]
[EventType "team-tourn"]
[EventRounds "9"]
[EventCountry "GER"]
[SourceTitle "CBM 170 Extra"]
[Source "ChessBase"]
[SourceDate "2016.02.25"]
[SourceVersion "1"]
[SourceVersionDate "2016.02.25"]
[SourceQuality "1"]
[WhiteTeam "Worms"]
[BlackTeam "Gau Algesheim"]
[WhiteTeamCountry "GER"]
[BlackTeamCountry "GER"]

1. d4 d5 2. c4 e6 3. Nc3 Be7 4. Nf3 Nf6 5. Bg5 0-0 6. e3 h6 7. Bxf6 Bxf6 8. cxd5 exd5 9. b4 a6 10. Qb3 Be6 11. Be2 c6 12. 0-0 Nd7 13. a4 Nb6 14. Nd2 Qd6 15. Rfc1 Nd7 16. Bd3 Rfb8 17. Rab1 b6 18. Qd1 c5 19. bxc5 bxc5 20. dxc5 Nxc5 21. Bf1 Rxb1 22. Ndxb1 Rd8 23. Ne2 Bb2 24. Rc2 Be5 25. f4 Bf6 26. Nbc3 Bf5 27. Rd2 Qe6 28. e4 Nxe4 29. Nxe4 Bxe4 30. Ng3 Bc3 31. Nxe4 Qxe4 32. Rd3 Bf6 33. Rf3 a5 34. Bb5 Rc8 35. Bd3 Qb4 36. Rf1 Bd4+ 37. Kh1 Be3 38. Qf3 Qd4 39. Bb5 Rc2 40. f5 Rc3 41. Rd1 Qe5 42. Rxd5 Qxd5 0-1

[Event "Oberliga Sued W 1516"]
[Site "Germany"]
[Date "2015.11.08"]
[Round "2.2"]
[White "Lanka, Zigurds"]
[Black "Dauenheimer, Torsten"]
[Result "1-0"]
[WhiteElo "2419"]
[BlackElo "2250"]
[PlyCount "61"]
[EventDate "2015.09.20"]
[EventType "team-tourn"]
[EventRounds "9"]
[EventCountry "GER"]
[SourceTitle "CBM 170 Extra"]
[Source "ChessBase"]
[SourceDate "2016.02.25"]
[SourceVersion "1"]
[SourceVersionDate "2016.02.25"]
[SourceQuality "1"]
[WhiteTeam "Schott Mainz II"]
[BlackTeam "Worms"]
[WhiteTeamCountry "GER"]
[BlackTeamCountry "GER"]

1. e4 e6 2. d4 d5 3. Nc3 Bb4 4. e5 c5 5. a3 Bxc3+ 6. bxc3 Ne7 7. Nf3 Nbc6 8. Be2 Qa5 9. Bd2 c4 10. 0-0 h6 11. Re1 Bd7 12. h4 0-0-0 13. h5 Nf5 14. Nh2 Rdg8 15. a4 Kb8 16. Bg4 Bc8 17. Bh3 Ka8 18. Qc1 Qd8 19. g3 Nfe7 20. Ng4 Nf5 21. Bg2 Rh7 22. Qb2 f6 23. a5 Nxa5 24. Rxa5 Qxa5 25. exf6 Qd8 26. f7 Rf8 27. Ne5 Nd6 28. Ra1 a6 29. Bf4 b5 30. Qb4 Bb7 31. Ng6 1-0

[Event "Oberliga Sued W 1415"]
[Site "Germany"]
[Date "2015.01.18"]
[Round "5.1"]
[White "Philippe, Christophe"]
[Black "Dauenheimer, Torsten"]
[Result "1/2-1/2"]
[WhiteElo "2393"]
[BlackElo "2213"]
[PlyCount "90"]
[EventDate "2014.09.21"]
[EventType "team-tourn"]
[EventRounds "9"]
[EventCountry "GER"]
[SourceTitle "EXT 2019"]
[Source "ChessBase"]
[SourceDate "2018.10.10"]
[SourceVersion "1"]
[SourceVersionDate "2018.10.10"]
[SourceQuality "1"]
[WhiteTeam "Saarbruecken SVG"]
[BlackTeam "Worms"]
[WhiteTeamCountry "GER"]
[BlackTeamCountry "GER"]

1. d4 e6 2. Nf3 Nf6 3. Bg5 c5 4. e3 cxd4 5. exd4 Be7 6. Bd3 b6 7. 0-0 Bb7 8. Nbd2 0-0 9. Re1 d6 10. Nf1 Nbd7 11. Ng3 Re8 12. Qd2 a6 13. Re2 Nf8 14. Rae1 Bxf3 15. gxf3 Nd5 16. Bxe7 Nxe7 17. f4 Qd7 18. c4 Nfg6 19. Qe3 Red8 20. d5 exd5 21. Bxg6 Nxg6 22. cxd5 Qg4 23. f5 Ne5 24. Kg2 Qc4 25. Qe4 Kf8 26. f4 Qxe4+ 27. Rxe4 Nd7 28. Rc4 Nf6 29. Rd1 Rac8 30. Rc6 Rxc6 31. dxc6 Rc8 32. Rc1 Ke7 33. Ne2 d5 34. Nd4 Kd6 35. Kf3 Ng8 36. Rg1 g6 37. fxg6 hxg6 38. f5 Ne7 39. fxg6 fxg6 40. b4 Rf8+ 41. Ke3 Rh8 42. Rc1 Rh3+ 43. Kf4 Rh4+ 44. Ke3 Rh3+ 45. Kf4 Rh4+ 1/2-1/2

[Event "Oberliga Sued W 1112"]
[Site "Germany"]
[Date "2011.10.23"]
[Round "2"]
[White "Lantzsch, Christian"]
[Black "Dauenheimer, Torsten"]
[Result "1-0"]
[WhiteElo "2242"]
[BlackElo "2234"]
[PlyCount "47"]
[EventDate "2011.09.25"]
[EventType "team-tourn"]
[EventRounds "9"]
[EventCountry "GER"]
[SourceTitle "EXT 2013"]
[Source "ChessBase"]
[SourceDate "2012.11.22"]
[SourceVersion "1"]
[SourceVersionDate "2012.11.22"]
[SourceQuality "1"]
[WhiteTeam "Heidesheim"]
[BlackTeam "Worms"]
[WhiteTeamCountry "GER"]
[BlackTeamCountry "GER"]

1. e4 e6 2. b3 d5 3. Bb2 dxe4 4. Nc3 Nf6 5. Qe2 Be7 6. Nxe4 Nxe4 7. Qxe4 Bf6 8. Bxf6 Qxf6 9. d4 c5 10. Bb5+ Ke7 11. Rd1 a6 12. Be2 cxd4 13. Nf3 Rd8 14. Nxd4 Qg6 15. Qh4+ Qf6 16. Qe4 Qg6 17. Qe3 Qxg2 18. Bf3 Qg6 19. Ke2 Nd7 20. Rhg1 Qf6 21. Rxg7 Ne5 22. Nc6+ Kf8 23. Rxd8+ Kxg7 24. Qxe5 1-0

[Event "Oberliga Sued W 1011"]
[Site "Germany"]
[Date "2011.02.06"]
[Round "6.2"]
[White "Dauenheimer, Torsten"]
[Black "Hermann, Thomas"]
[Result "1-0"]
[WhiteElo "2186"]
[BlackElo "2118"]
[PlyCount "80"]
[EventDate "2010.10.10"]
[EventType "team-tourn"]
[EventRounds "9"]
[EventCountry "GER"]
[SourceTitle "EXT 2012"]
[Source "ChessBase"]
[SourceDate "2011.11.24"]
[SourceVersion "1"]
[SourceVersionDate "2011.11.24"]
[SourceQuality "1"]
[WhiteTeam "Worms"]
[BlackTeam "Winterbach Turm"]
[WhiteTeamCountry "GER"]
[BlackTeamCountry "GER"]

1. d4 Nf6 2. Bg5 e6 3. e4 h6 4. Bxf6 Qxf6 5. Nc3 Bb4 6. Qd2 0-0 7. a3 Ba5 8. f4 d6 9. Nf3 Bxc3 10. bxc3 Nd7 11. e5 Qe7 12. Bd3 Nb6 13. 0-0 Bd7 14. Be4 Nc4 15. Qe2 d5 16. Bd3 Nxa3 17. g4 a6 18. f5 exf5 19. gxf5 Nb5 20. f6 Qe6 21. Qd2 Qh3 22. Kh1 Bg4 23. Be2 Qh5 24. Ng1 Rfe8 25. Bxg4 Qxg4 26. Rf4 Qh5 27. Qg2 g5 28. Rf3 Qg6 29. Ne2 c5 30. Rg1 cxd4 31. cxd4 Rac8 32. c3 Kh7 33. h4 Rg8 34. Rg3 Qh5 35. Rg4 Nxc3 36. Nf4 Qxg4 37. Qxg4 gxf4 38. Qf5+ Kh8 39. Rg7 Rxg7 40. fxg7+ Kxg7 1-0

[Event "Oberliga Sued W 1011"]
[Site "Germany"]
[Date "2011.01.16"]
[Round "5.3"]
[White "Dauenheimer, Torsten"]
[Black "Mueller, Reinhold"]
[Result "0-1"]
[WhiteElo "2186"]
[BlackElo "2268"]
[PlyCount "152"]
[EventDate "2010.10.10"]
[EventType "team-tourn"]
[EventRounds "9"]
[EventCountry "GER"]
[SourceTitle "EXT 2012"]
[Source "ChessBase"]
[SourceDate "2011.11.24"]
[SourceVersion "1"]
[SourceVersionDate "2011.11.24"]
[SourceQuality "1"]
[WhiteTeam "Worms"]
[BlackTeam "Saarbruecken SVG"]
[WhiteTeamCountry "GER"]
[BlackTeamCountry "GER"]

1. d4 Nf6 2. Bg5 g6 3. Bxf6 exf6 4. e3 Bg7 5. c4 f5 6. Nc3 b6 7. Be2 Bb7 8. Bf3 Nc6 9. Nge2 Qc8 10. 0-0 Ne7 11. Nd5 Nxd5 12. cxd5 d6 13. Rc1 Qd7 14. Rc3 0-0-0 15. Qd3 Kb8 16. Rfc1 Rc8 17. Rc6 h5 18. Qa3 Rce8 19. Nc3 Bxc6 20. dxc6 Qc8 21. Be2 f4 22. Nb5 a5 23. b4 fxe3 24. f4 Qa6 25. Nc3 Qa8 26. Nd5 Bxd4 27. Qd3 Bc5 28. bxc5 Qxc6 29. Nf6 Rd8 30. Bf3 d5 31. Nxd5 Rhe8 32. Kf1 Rd7 33. Ke2 Red8 34. Rd1 Qxc5 35. Qe4 c6 36. Nxe3 f5 37. Qe6 Rxd1 38. Nxd1 Qd6 39. Qb3 Kc7 40. Kf2 Qxf4 41. Ne3 Qd4 42. g3 Re8 43. Qf7+ Kd8 44. Qb3 a4 45. Qa3 Kc7 46. Qc1 c5 47. h4 Re7 48. a3 g5 49. Qc3 Qxc3 50. Nd5+ Kd6 51. Nxc3 g4 52. Be2 Ke5 53. Ke3 f4+ 54. gxf4+ Kf5+ 55. Kf2 g3+ 56. Kf3 Rg7 57. Bd3+ Ke6 58. Bc4+ Kd6 59. Bf1 c4 60. Ne4+ Kd5 61. Nc3+ Kc5 62. f5 b5 63. Ne4+ Kd4 64. Nd6 b4 65. axb4 Kc3 66. f6 Rd7 67. Nxc4 Rf7 68. Kxg3 Rxf6 69. Be2 Kxb4 70. Ne5 Re6 71. Nd3+ Kc3 72. Nc5 Rxe2 73. Nxa4+ Kd4 74. Kf4 Rg2 75. Nb6 Rg4+ 76. Kf3 Rxh4 0-1

[Event "Oberliga Sued W 1011"]
[Site "Germany"]
[Date "2010.12.12"]
[Round "4.3"]
[White "Klein, Joachim"]
[Black "Dauenheimer, Torsten"]
[Result "1-0"]
[WhiteElo "2246"]
[BlackElo "2186"]
[PlyCount "63"]
[EventDate "2010.10.10"]
[EventType "team-tourn"]
[EventRounds "9"]
[EventCountry "GER"]
[SourceTitle "EXT 2012"]
[Source "ChessBase"]
[SourceDate "2011.11.24"]
[SourceVersion "1"]
[SourceVersionDate "2011.11.24"]
[SourceQuality "1"]
[WhiteTeam "Illingen"]
[BlackTeam "Worms"]
[WhiteTeamCountry "GER"]
[BlackTeamCountry "GER"]

1. e4 e6 2. d4 d5 3. Nd2 Nf6 4. e5 Nfd7 5. f4 c5 6. c3 Nc6 7. Ndf3 Qb6 8. a3 cxd4 9. cxd4 Be7 10. b4 0-0 11. Bd3 f6 12. Nh3 Rf7 13. Bb2 Nf8 14. Qd2 Bd7 15. Bc3 a6 16. 0-0 f5 17. Rfb1 Qd8 18. a4 Na7 19. b5 axb5 20. axb5 Be8 21. Ra2 Qb8 22. Nhg5 Bxg5 23. Nxg5 Rd7 24. Bb4 Bf7 25. Bxf8 Qxf8 26. Qa5 b6 27. Qxb6 Rb8 28. Qc5 h6 29. Rxa7 Qxc5 30. dxc5 Rxa7 31. b6 Ra3 32. c6 1-0

[Event "Oberliga Sued W 1011"]
[Site "Germany"]
[Date "2010.11.14"]
[Round "3.3"]
[White "Dauenheimer, Torsten"]
[Black "Bastian, Martin"]
[Result "1-0"]
[WhiteElo "2186"]
[BlackElo "2212"]
[PlyCount "63"]
[EventDate "2010.10.10"]
[EventType "team-tourn"]
[EventRounds "9"]
[EventCountry "GER"]
[SourceTitle "EXT 2012"]
[Source "ChessBase"]
[SourceDate "2011.11.24"]
[SourceVersion "1"]
[SourceVersionDate "2011.11.24"]
[SourceQuality "1"]
[WhiteTeam "Worms"]
[BlackTeam "Saarbruecken Gambit"]
[WhiteTeamCountry "GER"]
[BlackTeamCountry "GER"]

1. d4 g6 2. e4 Bg7 3. Nc3 c6 4. Bc4 d6 5. Qf3 e6 6. Nge2 Nd7 7. Qg3 d5 8. Bd3 Ne7 9. Bg5 f6 10. Be3 0-0 11. exd5 exd5 12. h4 Nb6 13. h5 Nf5 14. Qh2 g5 15. h6 Bh8 16. Bd2 Qe7 17. 0-0-0 Nc4 18. Bxc4 dxc4 19. Rhe1 Qf7 20. g4 Nh4 21. Qg3 b5 22. Ne4 Qd7 23. Bb4 Rd8 24. f3 a5 25. Bc5 b4 26. Nd6 c3 27. bxc3 Ba6 28. c4 Rab8 29. Nf4 gxf4 30. Qxh4 Bxc4 31. g5 Bf7 32. gxf6 1-0

[Event "Oberliga Sued W 0506"]
[Site "Germany"]
[Date "2005.11.27"]
[Round "3.2"]
[White "Lambert, Andreas"]
[Black "Dauenheimer, Torsten"]
[Result "1/2-1/2"]
[WhiteElo "2165"]
[BlackElo "2113"]
[PlyCount "58"]
[EventDate "2005.10.23"]
[EventType "team-tourn"]
[EventRounds "9"]
[EventCountry "GER"]
[SourceTitle "EXT 2007"]
[Source "ChessBase"]
[SourceDate "2006.11.23"]
[SourceVersion "1"]
[SourceVersionDate "2006.11.23"]
[SourceQuality "1"]
[WhiteTeam "Ludwigshafen"]
[BlackTeam "Mutterstadt"]
[WhiteTeamCountry "GER"]
[BlackTeamCountry "GER"]

1. e4 e6 2. d4 d5 3. e5 c5 4. c3 Nc6 5. Nf3 Bd7 6. a3 Nge7 7. b4 cxd4 8. cxd4 Nf5 9. Be2 Qb6 10. Be3 Rc8 11. 0-0 Be7 12. Qd2 f6 13. exf6 Bxf6 14. Rd1 0-0 15. Ra2 Nce7 16. b5 Nxe3 17. fxe3 Nf5 18. a4 Qd6 19. Bd3 Nh4 20. Be2 Nxf3+ 21. Bxf3 Bg5 22. Qd3 Rc7 23. Nc3 Rfc8 24. Ne2 Be8 25. g3 Bg6 26. e4 Kh8 27. h4 Bf6 28. Qe3 dxe4 29. Bxe4 Bh5 1/2-1/2